Trnitá cesta /
Gotická fantasy pro milovníky viktoriánské doby a magie. Touha po pomstě svedla Asher na trnitou cestu plnou temných rodinných tajemství. Když si ale své oběti až příliš oblíbí, je těžké pomstu dotáhnout do konce...
Uloženo v:
| Série: | Temný čarosvět,
část 1 |
|---|---|
| Hlavní autor: | |
| Další autoři: | |
| Médium: | E-kniha |
| Jazyk: | Czech |
| Vydáno: |
Praha :
Dobrovský s.r.o.,
2025
|
| Edice: | Fobos
|
| Témata: | |
| Příbuzné jednotky: | Z cyklu::
Temný čarosvět |
| Tagy: |
Žádné tagy |
| LEADER | 02755nam a2200457 i 4500 | ||
|---|---|---|---|
| 001 | 312809 | ||
| 003 | CZ PrSKC | ||
| 005 | 20260601215729.0 | ||
| 007 | ta | ||
| 008 | 250903s2025 xr g 000 f cze | ||
| 015 | |a cnb003707398 | ||
| 020 | |a 9788027742493 |q (brožováno) : |c Kč 399,00 | ||
| 035 | |a (OCoLC)1559933165 | ||
| 040 | |a ABG001 |b cze |e rda | ||
| 041 | 1 | |a cze |h eng | |
| 072 | 7 | |a 821.111-3 |x Anglická próza, anglicky psaná |2 Konspekt | |
| 080 | |a 821.111(94)-31 |2 MRF | ||
| 080 | |a (0:82-312.9) |2 MRF | ||
| 100 | 1 | |a Slatter, Angela, |d 1967- |7 xx0273332 |4 aut | |
| 240 | 1 | 0 | |a Path of thorns. |l Česky |
| 245 | 1 | 0 | |a Trnitá cesta / |c A.G. Slatter ; přeložila Jitka Fialová |
| 264 | 1 | |a Praha : |b Dobrovský s.r.o., |c 2025 | |
| 300 | |a 403 stran ; |c 20 cm | ||
| 336 | |a text |b txt |2 rdacontent | ||
| 337 | |a bez média |b n |2 rdamedia | ||
| 338 | |a svazek |b nc |2 rdacarrier | ||
| 490 | 1 | |a Fobos | |
| 500 | |a Přeloženo z angličtiny | ||
| 520 | 2 | |a Gotická fantasy pro milovníky viktoriánské doby a magie. Touha po pomstě svedla Asher na trnitou cestu plnou temných rodinných tajemství. Když si ale své oběti až příliš oblíbí, je těžké pomstu dotáhnout do konce... |b Asher Toddová přichází do záhadné Morwoodovy rodiny jako guvernantka jejich dětí, s matnou představou o tom, co práce vychovatelky obnáší. Zato se výtečně vyzná v mnoha jiných oborech, zejména v botanice a roli bylin v magii a při léčení. Její tajemství jsou temná a děsivá - přesně taková, jaká zámeček Morwoodových vyloženě přitahuje. Asher jejich rodu chystá strašlivou pomstu. Když si však oblíbí své malé svěřence i lidi z blízkého Tarnu, začne pochybovat, jestli ten plán dokáže dotáhnout do konce, a zvažuje, kdo tím utrpí nejvíce. Krotit duchy z vlastní minulosti je však stále těžší, a tak si Asher časem uvědomí, že nemá na výběr. Nakladatelská anotace. | |
| 655 | 7 | |a australské romány |7 fd131842 |2 czenas | |
| 655 | 7 | |a fantasy romány |7 fd184199 |2 czenas | |
| 655 | 9 | |a Australian fiction |2 eczenas | |
| 655 | 9 | |a fantasy novels |2 eczenas | |
| 700 | 1 | |a Fialová, Jitka, |d 1957- |7 ola2003209124 |4 trl | |
| 787 | 0 | 8 | |i Z cyklu: |t Temný čarosvět |g 1 |
| 830 | 0 | |a Fobos | |
| 900 | |a ABA001 |b 20 | ||
| 044 | |a xr | ||
| 910 | |a RBIT002 | ||
| 998 | |d 422299 |a https://core.palmknihy.cz/api/books/422299/cover?t2dpvv |b https://core.palmknihy.cz/api/books/422299/cover/400?t2dpvv |c https://core.palmknihy.cz/api/books/422299/cover/50?t2dpvv |e 2030-08-27 |g 408 |i 9788027742493 |j https://core.palmknihy.cz/api/books/422299/preview.epub |k https://core.palmknihy.cz/api/books/422299/preview.pdf |l |q 49 |r 1 |s https://www.palmknihy.cz/kniha/422299 |t ebook |y 2025 |z 0 |v Temný čarosvět |w 1 | ||
| 999 | |d 312807 | ||